<?xml version="1.0" encoding="UTF-8"?>
<marc:record xmlns:marc="http://www.loc.gov/MARC21/slim">
   <marc:leader>00000nam a2200000 a 4500</marc:leader>
   <marc:datafield ind1=" " ind2=" " tag="653">
      <marc:subfield code="a">Softcover / Schule</marc:subfield>
   </marc:datafield>
   <marc:datafield ind1=" " ind2=" " tag="653">
      <marc:subfield code="a">Lernen/Lernhilfen</marc:subfield>
   </marc:datafield>
   <marc:datafield ind1=" " ind2=" " tag="653">
      <marc:subfield code="a">Abiturwissen/Kita</marc:subfield>
   </marc:datafield>
   <marc:datafield ind1=" " ind2=" " tag="653">
      <marc:subfield code="a">Vorschule</marc:subfield>
   </marc:datafield>
   <marc:datafield ind1="0" ind2="0" tag="245">
      <marc:subfield code="a">miniLÜK</marc:subfield>
   </marc:datafield>
   <marc:datafield ind1="0" ind2="0" tag="245">
      <marc:subfield code="b">Vorschule/1. Klasse Logisches Denken mit Sam und Julia</marc:subfield>
   </marc:datafield>
   <marc:datafield ind1=" " ind2="1" tag="264">
      <marc:subfield code="a">Braunschweig</marc:subfield>
      <marc:subfield code="b">Westermann Lernwelten GmbH</marc:subfield>
      <marc:subfield code="c">2026</marc:subfield>
   </marc:datafield>
   <marc:datafield ind1="1" ind2=" " tag="490">
      <marc:subfield code="a">miniLÜK-Übungshefte. Fördern und Fordern</marc:subfield>
   </marc:datafield>
   <marc:datafield ind1=" " ind2=" " tag="250">
      <marc:subfield code="a">1. Auflage</marc:subfield>
   </marc:datafield>
   <marc:datafield ind1="1" ind2=" " tag="520">
      <marc:subfield code="a">Für alle miniLÜK-Freunde und Mäusefans: Lernen mit Freude und Fantasie!
&lt;br&gt;
&lt;br&gt;
Ein kunterbunter Abenteuerspielplatz voller Entdeckungen wartet auf Sam &amp; Julia und auf alle kleinen Mäusefans! Mit diesem miniLÜK-Heft begleiten Kinder ab 4 Jahren die beliebten Figuren aus der ZDF-Serie durch spannende Aufgaben, die die Fantasie anregen und das logische Denken fördern.

&lt;br&gt;
Die kindgerechten Übungen greifen den Charme von Sam &amp; Julia auf: neugierig, ideenreich und voller Spaß. So lernen Kinder spielerisch, Muster zu erkennen, Zusammenhänge zu verstehen und eigene Lösungen zu finden – wichtige Grundlagen für die Vorschule und die ersten Schuljahre.
</marc:subfield>
   </marc:datafield>
   <marc:datafield ind1=" " ind2=" " tag="020">
      <marc:subfield code="a">9783072446136</marc:subfield>
      <marc:subfield code="9">9783072446136</marc:subfield>
   </marc:datafield>
   <marc:datafield ind1=" " ind2=" " tag="020">
      <marc:subfield code="a">307244613X</marc:subfield>
      <marc:subfield code="9">307244613X</marc:subfield>
   </marc:datafield>
   <marc:datafield ind1=" " ind2=" " tag="041">
      <marc:subfield code="a">ger</marc:subfield>
   </marc:datafield>
   <marc:datafield ind1=" " ind2=" " tag="300">
      <marc:subfield code="a">28 Seiten</marc:subfield>
   </marc:datafield>
</marc:record>
